000 00720nam a22002177a 4500
003 OSt
005 20230706141909.0
008 221006b |||||||| |||| 00| 0 eng d
040 _cBiblioteca Lado V
082 _a800
_bG964r
100 _9878
_aGuinea Diez, Gerardo
_edirector
245 _aRevista Magna Terra/
_bUn viaje hacia las ideas/
260 _c2000
_bCuartoscuro
_aGuatemala
300 _c27x20cm
_a56p.
490 _v1
_x0864-0491
_a6
650 _2Tesauro de Arte & Arquitectura
_aPOESIA
650 _2Tesauro de Arte & Arquitectura
_aNOVELA
650 _2Tesauro de Arte & Arquitectura
_aCUENTO
650 _2Tesauro de Arte & Arquitectura
_aPOESIA
942 _2ddc
_c1
_h800
_iG964r
_n0
999 _c4009
_d4009